000 00852 a2200229 4500
999 _c4547
_d4547
020 _a9780304333080
050 0 0 _aLC 213.3.G7 PRO 1997
245 0 0 _aPromoting equality in primary schools /
_cedited by Mike Cole, Dave Hill, and Sharanjeet Shan.
250 _a1st ed.
264 _aLondon:
_bCassell,
_c1997
300 _axiv, 433 p. :
_bill. ;
500 _aIncludes bibliographic references and indexes.
504 _aIncludes bibliographic references and indexes.
650 0 _aDiscrimination in education
650 0 _aEducational equalization
650 0 _aEducation, Elementary
700 1 _aCole, Mike,
_d1946-
_eEditor
700 1 _aHill, Dave,
_d1945-
_eEditor
700 1 _aShan, Sharan-Jeet,
_d1945-
_eEditor
942 _2lcc
_cBK
_h213.3G7
_iPRO
_kLC